Impact of School Food and Food Advertising on Children and Adolescent Eating Behaviours

Typológia stravovacích návykov. Vplyv školskej stravy na formovanie návykov. Novela zákona o nutričnej bezpečnosti potravín v Poľsku. Vplyv reklamy na stravovacie návyky detí. Regulácia odvetvia marketingu potravín zametaného na deti.

Uložené v:
Podrobná bibliografia
Hlavný autor: Jarossová, Malgorzata Agnieszka, 1978-
Médium: Kapitola
Jazyk:English
Polish
Predmet:
Tagy: Pridať tag
Žiadne tagy, Buďte prvý, kto otaguje tento záznam!

MARC

LEADER 00000naa$a2200000$$$4500
001 0205326
005 20240502083515.2
041 0 |a eng 
041 0 |a pol 
044 |a PL 
245 1 0 |a Impact of School Food and Food Advertising on Children and Adolescent Eating Behaviours  |c Malgorzata A. Jarossová 
520 |a Typológia stravovacích návykov. Vplyv školskej stravy na formovanie návykov. Novela zákona o nutričnej bezpečnosti potravín v Poľsku. Vplyv reklamy na stravovacie návyky detí. Regulácia odvetvia marketingu potravín zametaného na deti. 
610 2 0 |a stravovanie školské 
610 2 0 |a adresnosť reklamy 
610 2 0 |a výskum marketingový 
610 2 0 |a bezpečnosť potravinová 
610 2 0 |a deti 
610 2 0 |a starostlivosť o deti 
100 1 |a Jarossová, Malgorzata Agnieszka, 1978-